000 00991cab a2200289 4500
001 ABS45583
008 090401t1991 xxu||||| |||| 00| 0 eng d
035 _a(Sirsi) u53834
041 _aeng
100 _aFreeman, D.J.
245 _aProperty joint ventures
260 _c1991
350 _a0
490 _aProperty Finance
_v3(10) November 1991, 120-121(2)
520 _aBriefly explains the structure of joint ventures, partnerships and limited partnerships, noting the extent of liability and factors determining the choice of arrangement.
650 _aAUTHORISED PROPERTY UNIT TRUSTS
650 _aJOINT VENTURES
650 _aLIABILITY
650 _aLIMITED PARTNERSHIPS
650 _aLOCAL GOVERNMENT AND HOUSING ACT 1989 PART V
650 _aPARTNERSHIPS
690 _aPROPERTY-PROPERTY DEVELOPMENT
690 _aPROPERTY-PROPERTY FINANCE AND INVESTMENT
690 _aMANAGEMENT-BUSINESS MANAGEMENT-PROFESSIONAL PRACTICE
942 _n0
948 _c04/03/1997
999 _c33078
_d33078